000 00354nam a2200145Ia 4500
008 191201s2010 xx 000 0 und d
082 _a621.815
_bKHT
100 _aKHURMI,RS
245 0 _aText book of machine design
250 _aRep
260 _aN. delhi
_bS Chand and Co. Ltd.
_c2010
300 _a1230
650 _aB.Tech(ME)
942 _2ddc
_cBK
_055
999 _c4690
_d4690